Responses for Show #6129 - Thursday, April 14, 2011

Contestants

[<< previous game]

Miguel Ruiz, an intellectual property attorney from Glendale, California

Annie Douglass, a museum educator from Portland, Oregon

Sara Heard, a housewife from Brooklyn, New York (whose 1-day cash winnings total $7,999)

[next game >>]

Jeopardy! Round responses

THANKS FOR THE MEMOIRS
SOUP & SALAD
EUROPEAN CAPITAL RHYME TIME
ANIMAL COMPANIES
FORMULA2
RACING
    $200 16
Stephen King

Sara
    $200 1
a Caesar salad

Sara
    $200 7
a Helsinki Twinkie

Miguel
    $200 6
the Pony Express

Miguel
    $200 24
rust

Annie
    $200 21
(Miguel: What is the luge?)

the downhill

SaraMiguel
    $400 17
(Alex: Remember, she was captured by rebels in [*]. Six years.)

Colombia

Triple Stumper
    $400 2
ham

Sara
    $400 8
a Rome tome

Miguel
    $400 10
American Eagle

Annie
    $400 27
ink

Miguel
    $400 22
the baton

Annie
    $600 18
Eat, Pray, Love

Miguel
    $600 3
(Miguel: What is a Cobb salad?)

a chef salad

AnnieMiguel
    $600 9
a Prague cog

Annie
    $600 11
Dove

Annie
    $600 28
nitrogen

Miguel
    $600 23
Indiana

Miguel
    $800 19
David Sedaris

Sara
    $800 4
turtle

Annie
    $800 13
a Kiev Liev

Miguel
    $800 12
Red Bull

Miguel
    $800 29
fluoride

Miguel
    $800 25
race walking

Sara
    $1,600 20
Nelson Mandela

Sara
    $1000 5
chowder

Annie
    $1000 14
a Budapest manifest

Annie
    $1000 15
Puma

Annie
    $1000 30
(Sara: What is charcoal?)

propane

SaraAnnie
    $1000 26
yacht

Triple Stumper

Scores at the first commercial break (after clue 15):

Sara Annie Miguel
$600 $6,000 $1,800

Scores at the end of the Jeopardy! Round:

Sara Annie Miguel
$3,200 $7,600 $4,600

Double Jeopardy! Round responses

ART & ARTISTS
TV SHOW CASTING CALL
PSILENT "P"
COMPLIMENTS FOR FISHING
ALABAMMY BOUND
(Alex: And a whole category about the series airing Sunday nights on Showtime...)
THE BORGIAS
    $400 2
Michelangelo

Miguel
    $400 3
Charlie's Angels

Miguel
    $400 1
a psalm

Annie
    $400 9
a reel

Sara
    $400 21
(Miguel: What is the South?)

Dixie

AnnieMiguel
    $400 26
the Protestant Reformation

Annie
    $800 12
(Salvador) DalĂ­

Sara
    $800 4
MacGyver

Annie
    $800 5
a pseudonym

Sara
    $800 10
a barb

Annie
    $800 22
Mobile

Sara
    $800 27
a Cardinal

Miguel
    $1200 13
(Andy) Warhol

Miguel
    $1200 14
The Defenders

Miguel
    $1200 6
pneumonia

Annie
    $1200 11
casting

Sara
    $1200 23
Birmingham

Miguel
    $1200 28
Cesare

Sara
    $1600 17
(Jan) Vermeer

Annie
    $1600 15
The Flying Nun

Miguel
    $1600 7
a pterodactyl

Sara
    $1600 19
a marlin

Sara
    $2,500 24
(Miguel: [Exhales deeply])
(Alex: Miguel?)
(Miguel: What is, uh, Apollo 8?)

the Saturn V rocket

Miguel
    $1600 29
Lucrezia

Sara
    $1,000 18
(Alex: Annie?)
(Annie: Who is... Titian?)

Raphael

Annie
    $2000 16
(Alex: [*], on Sundays, yes.)

Brothers & Sisters

Miguel
    $2000 8
a ptarmigan

Sara
    $2000 20
The Compleat Angler

Sara
    $2000 25
Sequoyah

Annie
    $2000 30
(Sara: Who is Leo?)

Alexander

Sara
Triple Stumper

Scores at the end of the Double Jeopardy! Round:

Sara Annie Miguel
$15,200 $14,200 $10,500

[wagering suggestions for these scores]

Final Jeopardy! Round responses

AUTHORS ON AUTHORS
MiguelWho was Hemmingway?
$4,800
AnnieWho is Hemingway?
$6,800
SaraWho was Hemingway?
$13,201
Ernest Hemingway

Final scores:

Sara Annie Miguel
$28,401 $21,000 $15,300
2-day champion: $36,400 2nd place: $2,000 3rd place: $1,000

Game dynamics:

Coryat scores:

Sara Annie Miguel
$14,600 $15,200 $13,000
18 R
(including 1 DD),
2 W
19 R,
1 W
(including 1 DD)
18 R,
4 W
(including 1 DD)

Combined Coryat: $42,800

[game clues] [game scores] [suggest correction]

Game tape date: 2011-01-20
The J! Archive is created by fans, for fans. Scraping, republication, monetization, and malicious use prohibited; this site may use cookies and collect identifying information. See terms. The Jeopardy! game show and all elements thereof, including but not limited to copyright and trademark thereto, are the property of Jeopardy Productions, Inc. and are protected under law. This website is not affiliated with, sponsored by, or operated by Jeopardy Productions, Inc. Join the discussion at JBoard.tv.